| 000 | 00360nam a22001457a 4500 | ||
|---|---|---|---|
| 008 | 180214b xxu||||| |||| 00| 0 eng d | ||
| 020 | _a9780205265947 | ||
| 041 | _aeng | ||
| 080 | _a37 SMI | ||
| 082 | _a37 SMI | ||
| 100 | _a47 | ||
| 101 | _aEDU | ||
| 245 |
_aIntroduction to special education teaching in an age of challenge _cSmith,D.D |
||
| 942 |
_2udc _cBK |
||
| 999 |
_c42489 _d42489 |
||